|
|
|
|
| LEADER |
00000nam a2200000 a 4500 |
| 001 |
vtls009339463 |
| 003 |
SK-MaSNL |
| 005 |
20260302043344.0 |
| 008 |
251029s2008 gw dal g f 000 0 ger |
| 020 |
|
|
|a 9783930357864 (brož.)
|
| 040 |
|
|
|a SNK
|b slo
|c SNK
|e AACR2
|
| 041 |
0 |
|
|a ger
|
| 044 |
|
|
|a gw
|c DE
|
| 072 |
|
7 |
|a 159.9
|x Psychológia
|2 konspekt
|
| 080 |
|
|
|a 159.942
|2 2001
|
| 080 |
|
|
|a 159.913
|2 2001
|
| 080 |
|
|
|a 316.62
|2 2001
|
| 080 |
|
|
|a (035)
|2 2001
|
| 111 |
2 |
|
|a Atzelsberger Gespräche
|d (2007 :
|c Atzelsberg, Nemecko)
|9 697422
|
| 245 |
1 |
0 |
|a Angst
|b Atzelsberger Gespräche 2007
|c herausgegeben von Helmut Neuhaus
|
| 260 |
|
|
|a Erlangen
|b Universitätsbung Erlangen-Nürnberg
|c 2008
|
| 300 |
|
|
|a 118 s.
|b grafy, ilustr. (niektoré fareb.), tab.
|c 24 cm
|
| 490 |
1 |
|
|a Erlanger Forschungen. R. A, Geisteswissenschaften
|x 0423-3433
|v Bd. 115
|
| 504 |
|
|
|a Obsahuje bibliogr.
|
| 650 |
0 |
7 |
|a strach
|x prekonávanie
|2 SNKPH
|9 697423
|
| 650 |
0 |
7 |
|a psychohygiena
|2 SNKPH
|9 2574
|
| 650 |
0 |
7 |
|a sociálne správanie
|2 SNKPH
|9 4927
|
| 655 |
|
7 |
|a príručky
|2 SNKPH
|9 74364
|
| 700 |
1 |
|
|a Neuhaus, Helmut,
|d 1944-
|4 edt
|9 472989
|
| 830 |
|
0 |
|a Erlanger Forschungen. R. A, Geisteswissenschaften
|9 318416
|
| 919 |
|
|
|a 978-3-930357-86-4
|
| 999 |
|
|
|c 1086302
|d 1088232
|
| 952 |
|
|
|a SNK
|b SNK
|y VYP
|7 0
|p 17A0604169
|o snkIC 137207
|i snk2008/22713
|8 2
|g 12.65
|0 0
|1 0
|4 0
|d 2008-09-29
|l 0
|r 2026-02-24 16:41:10
|w 2026-02-24
|